Beber en su propio pozo: en el itinerario espiritual de un pueblo

Uloženo v:
Podrobná bibliografie
Hlavní autor: Gutiérrez Merino, Gustavo (Autor)
Médium: Kniha
Jazyk:španělština
Vydáno: Salamanca Sígueme 1986
Vydání:4a. ed
Témata:
Tagy: Přidat tag
Žádné tagy, Buďte první, kdo vytvoří štítek k tomuto záznamu!

MARC

LEADER 00000nam a2200000 a 4500
001 UCX1926
003 CL-VaPUC
008 901123e19860000SP |||||||||||||||||spa|d
082 0 4 |a 261.8  |b GUT  |2 21 
100 |a Gutiérrez Merino, Gustavo  |e author  |9 480704 
245 1 0 |a Beber en su propio pozo: en el itinerario espiritual de un pueblo 
250 |a 4a. ed 
300 |a 182 p 
942 |c BK 
945 |d 19901123 00:00:00 
260 |a Salamanca  |b Sígueme  |c 1986 
650 0 |a Teología de la liberación   |9 255471 
583 |a last modification  |c 19901123 00:00:00  |k Rodrigo Vera 
999 |c 223054  |d 223052 
952 |0 0  |1 0  |4 0  |6 261_800000000000000_GUT_1986  |7 0  |8 A  |9 218476  |a BIBTEO  |b BIBTEO  |d 2019-11-15  |i 2872986  |o 261.8 GUT 1986  |p 2872986  |r 2025-01-17  |w 2019-11-15  |y BK  |k ICR